Sterol biosznthesis inhibitors and anti-feeding compounds

Gespeichert in:
Bibliographische Detailangaben
Weitere Verfasser: Kato, T.
Format: Buch
Sprache:Englisch
Veröffentlicht: Berlin Springer-Verlag 1986
Schriftenreihe:Chemistry of plant protection Vol. 1
Schlagworte:
Online-Zugang:Im OPAC anzeigen
Tags: Tag hinzufügen
Keine Tags, Fügen Sie das erste Tag hinzu!

MARC

LEADER 00000nam a2200000 a 4500
005 20260127134020.0
008 090505 1986 gw 000 0 eng d
020 |a 3540134875 (Berlin) 
020 |a 0387134875 (New York) 
035 |a vtls009505147 
039 9 |y 200905051003  |z mschk03 
040 |a STUSCHK1  |b slo  |c STUSCHK1  |e AACR2 
080 |a 632.952 
080 |a 542.913 
245 1 |a Sterol biosznthesis inhibitors and anti-feeding compounds  |c With contributions by T. Kato, W. Krämer, K.-H. Kuck ...[et al.] 
260 |a Berlin  |b Springer-Verlag  |c 1986 
300 |a viii, 151 s.  |b il.  |c 24,5 cm 
490 0 |a Chemistry of plant protection  |v Vol. 1 
650 0 |a fungicídy 
650 0 |a chemické syntézy 
700 1 |a Kato, T. 
910 |a SCHK95 
919 |a 3-540-13487-5 (Berlin) 
919 |a 0-387-13487-5 (New York) 
999 |c 2162  |d 2162